Zrozumiteľnosť didaktického textu učebnice: Strojové súčiastky I : Záverečná práca
Guardado en:
| Autor principal: | |
|---|---|
| Formato: | Manuscrito Libro |
| Lenguaje: | eslovaco |
| Publicado: |
Trnava :
STU v Bratislave MtF KIPP,
2004
|
| Materias: | |
| Etiquetas: |
Sin Etiquetas, Sea el primero en etiquetar este registro!
|
MARC
| LEADER | 00000ntm a22000003a 4500 | ||
|---|---|---|---|
| 001 | stu114094 | ||
| 005 | 20160719155413.1 | ||
| 008 | 060310s2004----xo------------------slo-d | ||
| 040 | |a STU |b slo | ||
| 041 | 0 | |a slo | |
| 044 | |a xo | ||
| 100 | 1 | |a Štibraná, Ľubica |4 aut | |
| 245 | 1 | |a Zrozumiteľnosť didaktického textu učebnice: Strojové súčiastky I : |b Záverečná práca | |
| 260 | |a Trnava : |b STU v Bratislave MtF KIPP, |c 2004 | ||
| 300 | |a 42 s | ||
| 650 | 7 | |a inžinierska pedagogika |2 stusub | |
| 650 | 7 | |a didaktické kritériá |2 stusub | |
| 650 | 7 | |a učebné texty |2 stusub | |
| 700 | 1 | |a Labašová, Eva, |d 1963- |4 csl |u M2000 |U MTF Materiálovotechnologická fakulta |T MTF Ústav výrobných systémov a aplikovanej mechaniky |X 1539 |U M2000 |Y 82 |7 A000001539 | |
| 996 | |b 284M072422 |c M*ZP-289 |l MMSKP |s P |a 0 |w stu114094_0001 | ||